000
00256nam a22001217a 4500
008
171129b xxu||||| |||| 00| 0 eng d
041
_a
eng
080
_a
32
100
_a
19
101
_a
POL
245
_a
RIOT,ROUT, AND TUMULT
_c
LANE,R
942
_2
udc
_c
BK
999
_c
38619
_d
38619